LEADER 00859nam0-2200265 --450 001 9910295154603321 005 20181214130642.0 010 $a978--1-78471-657-8 100 $a20181214d--------kmuy0itay5050----ba 101 0 $aeng 102 $aGB 200 1 $aHuman rights and Islam$ean introduction to key debates between Islamic law and international human rights law$fAbdullah Saeed, 210 1$aCheltenham, UK$bEdward Elgar Publishing,$c2018 215 $av, 275 p.$d24 cm 225 1 $aElgar studies in human rights 610 0 $aDiritti umani$aAspetto religiosi$aIslam 676 $a341.4$v23$zita 700 1$aSaeed,$bAbdullah$0554927 801 0$aIT$bUNINA$gREICAT$2UNIMARC 901 $aBK 912 $a9910295154603321 952 $aDiritti Umani 5$b1787/18$fFSPBC 959 $aFSPBC 996 $aHuman rights and Islam$91540309 997 $aUNINA